BASIC AND APPLIED SOIL MECHANICS (Record no. 5375)

MARC details
000 -LEADER
fixed length control field 00425nam a22001697a 4500
005 - DATE AND TIME OF LATEST TRANSACTION
control field 20170401135706.0
008 - FIXED-LENGTH DATA ELEMENTS--GENERAL INFORMATION
fixed length control field 170401b xxu||||| |||| 00| 0 eng d
020 ## - INTERNATIONAL STANDARD BOOK NUMBER
ISBN 978-81-224-4039-3
041 ## - LANGUAGE CODE
Language code of text/sound track or separate title eng
100 ## - MAIN ENTRY--AUTHOR NAME
Personal name RAJAN,GOPAL RAO,A S R
245 ## - TITLE STATEMENT
Title BASIC AND APPLIED SOIL MECHANICS
250 ## - EDITION STATEMENT
Edition statement 3rd
260 ## - PUBLICATION, DISTRIBUTION, ETC. (IMPRINT)
Name of publisher NEW AGE INTERNATIONAL PRESS
Year of publication 2016
300 ## - PHYSICAL DESCRIPTION
Number of Pages 750
650 ## - SUBJECT ADDED ENTRY--TOPICAL TERM
Topical Term ENGINEERING
942 ## - ADDED ENTRY ELEMENTS (KOHA)
Koha item type Books
Holdings
Lost status Damaged status Home library Current library Shelving location Date acquired Source of acquisition Cost, normal purchase price Accession Number Koha item type
    JRU Library   SHELF-43-G 30/04/2017 PURCHASE 475.00 21583 Books
    JRU Library     30/04/2017 PURCHASE 475.00 21584 Books